Food chemistry a practical manual (Record no. 8638)

000 -LEADER
fixed length control field 00297nam a22001217a 4500
040 ## - CATALOGING SOURCE
Transcribing agency HS
082 ## - DEWEY DECIMAL CLASSIFICATION NUMBER
Classification number 664
100 ## - MAIN ENTRY--AUTHOR NAME
Personal name BRUCE R.D' ARCY
245 ## - TITLE STATEMENT
Title Food chemistry a practical manual
260 ## - PUBLICATION, DISTRIBUTION, ETC. (IMPRINT)
Place of publication A university of queensland publication 2006
Name of publisher BRUCE R.D' ARCY
Year of publication 2006
300 ## - PHYSICAL DESCRIPTION
Number of Pages 56p.
942 ## - ADDED ENTRY ELEMENTS (KOHA)
Koha item type សៀវភៅភាសាអង់គ្លេស
952 ## - LOCATION AND ITEM INFORMATION (KOHA)
Withdrawn status [LOCAL, KOHA] 0
Holdings
Permanent Location Date acquired Koha item type Lost status Shelving location Barcode Current Location Full call number
Library Block C2016-08-08សៀវភៅភាសាអង់គ្លេស C236RUA045125Library Block C664 BRU 2006 C237
មជ្ឈមណ្ឌលឯការនៃសាកលវិទ្យាល័យភូមិន្ទកសិកម្មចំការដូង

Powered by Koha